000 00920nam a2200289 i 4500
003 DO-SdBNP
005 20230526141059.0
007 ta
008 230526b1971 sp ||||| |||| 00| 0 spa d
040 _aDO-SdBNP
_cspa
_bBNPHU
_erda
049 _aBNGR
082 4 _a862.6
_bV181ma 1971
_222
100 1 _aValle-Inclán, Ramón del,
_d1866-1936
_93325
_eautor
245 1 3 _aLa marquesa Rosalinda :
_bfarsa sentimental y grotesca = El marqués de Bradomín /
_cRamón del Valle-Inclán.
264 1 _aMadrid :
_bEspasa-Calpe,
_c1971.
300 _a243 páginas ;
_c18 cm.
336 _2rdacontent
_atexto
_btxt
337 _2rdamedia
_asin mediación
_bn
338 _2rdacarrier
_avolumen
_bnc
490 _aAustral
_v1331
500 _aIncluye índice de autores
590 _aInventariado, 2023/BT
650 4 _aTeatro español
_93071
650 4 _aLiteratura española
_9632
910 _aBtavárez
942 _2ddc
_cLBS1
999 _c53629
_d53629